[Event "Tatarstan-ch op"]
[Site "Kazan"]
[Date "2007.08.28"]
[Round "9"]
[White "Baharev, Vladimir"]
[Black "Zigangareev, Makhmut"]
[Result "0-1"]
[WhiteElo "2218"]
[BlackElo "2106"]
[PlyCount "69"]
[EventDate "2007.08.20"]
[EventType "swiss"]
[EventRounds "9"]
[EventCountry "RUS"]
[SourceTitle "EXT 2009"]
[Source "ChessBase"]
[SourceDate "2008.11.26"]
[SourceVersion "1"]
[SourceVersionDate "2008.11.26"]
[SourceQuality "1"]

1. d4 Nf6 2. c4 e6 3. a3 c5 4. d5 exd5 5. cxd5 d6 6. Nc3 g6 7. e4 Bg7 8. Bb5+ Nfd7 9. f4 0-0 10. Nge2 a6 11. Bd3 Qe7 12. 0-0 b5 13. Bc2 Nb6 14. h3 N8d7 15. b4 cxb4 16. axb4 Bb7 17. Be3 Rac8 18. e5 Nc4 19. Bd4 dxe5 20. fxe5 Bxe5 21. Rf3 Bxd4+ 22. Qxd4 Nde5 23. Rg3 Qxb4 24. Qh4 Qc5+ 25. Kh2 f5 26. Nf4 Rf7 27. Ne6 Qe7 28. Qh6 b4 29. Ne2 Bxd5 30. Ng5 Na3 31. Nf4 Bc4 32. Nxf7 Qxf7 33. Re1 Nxc2 34. Rxe5 Qg7 35. Qh4 0-1

[Event "Tatarstan-ch op"]
[Site "Kazan"]
[Date "2007.08.21"]
[Round "2"]
[White "Isajevsky, Anton"]
[Black "Baharev, Vladimir"]
[Result "1-0"]
[WhiteElo "2483"]
[BlackElo "2218"]
[PlyCount "100"]
[EventDate "2007.08.20"]
[EventType "swiss"]
[EventRounds "9"]
[EventCountry "RUS"]
[SourceTitle "EXT 2009"]
[Source "ChessBase"]
[SourceDate "2008.11.26"]
[SourceVersion "1"]
[SourceVersionDate "2008.11.26"]
[SourceQuality "1"]

1. c4 Nf6 2. Nf3 g6 3. Nc3 Bg7 4. e4 d6 5. d4 0-0 6. h3 e5 7. d5 Nbd7 8. Bg5 a5 9. Nd2 h6 10. Be3 Nc5 11. Be2 Ne8 12. h4 f5 13. h5 Na6 14. Nb3 b6 15. hxg6 f4 16. Bd2 Qg5 17. Bf3 Qxg6 18. Qe2 Nf6 19. 0-0-0 Nh7 20. Bh5 Qf6 21. Kb1 Ng5 22. f3 Bd7 23. Nc1 Nc5 24. Nd3 Nxd3 25. Qxd3 Qe7 26. Rdg1 Bf6 27. Nd1 Rfb8 28. Nc3 Kg7 29. Rc1 Nh7 30. Nb5 Rb7 31. Be1 Bg5 32. Nc3 Nf6 33. Bf2 a4 34. Rc2 Qd8 35. Qd1 Qe7 36. Ne2 Qd8 37. Nc1 c5 38. dxc6 Bxc6 39. Nd3 Nxh5 40. Rxh5 b5 41. Rh1 bxc4 42. Rxc4 Bb5 43. Rc2 Be8 44. Be1 Bf7 45. Nb4 a3 46. b3 Qb8 47. Nd5 Rxb3+ 48. axb3 Qxb3+ 49. Ka1 Rc8 50. Nb4 Bd8 1-0

[Event "Kazan-ch"]
[Site "Kazan"]
[Date "2006.12.07"]
[Round "10"]
[White "Baharev, Vladimir"]
[Black "Lyanguzov, Oleg"]
[Result "0-1"]
[WhiteElo "2272"]
[BlackElo "2337"]
[PlyCount "69"]
[EventDate "2006.11.21"]
[EventType "swiss"]
[EventRounds "11"]
[EventCountry "RUS"]
[SourceTitle "EXT 2019"]
[Source "ChessBase"]
[SourceDate "2018.10.10"]
[SourceVersion "1"]
[SourceVersionDate "2018.10.10"]
[SourceQuality "1"]

1. e4 c5 2. Nf3 d6 3. Bb5+ Bd7 4. Bxd7+ Nxd7 5. 0-0 e6 6. d4 Ngf6 7. Re1 cxd4 8. Qxd4 Be7 9. c4 0-0 10. Nc3 a6 11. Bg5 Rc8 12. b3 h6 13. Bh4 Qc7 14. Rac1 Qc5 15. Qd2 Rfd8 16. h3 Ne5 17. Nd4 Ng6 18. Bg3 Nh5 19. Na4 Qa7 20. Rc3 Bg5 21. Qd1 Nxg3 22. Rxg3 Bh4 23. Rc3 Bf6 24. Rd3 b5 25. cxb5 Bxd4 26. Rxd4 axb5 27. Nb2 Qxa2 28. Nd3 Rc3 29. b4 e5 30. Rd5 Ne7 31. Rxb5 Qc4 32. Rb7 Rxd3 33. Qg4 Ng6 34. Ra1 Ra3 35. Rd1 0-1

[Event "Sukhumi op"]
[Site "Sukhumi"]
[Date "2006.08.10"]
[Round "7"]
[White "Strogova, Alena"]
[Black "Baharev, Vladimir"]
[Result "0-1"]
[WhiteElo "1893"]
[BlackElo "2272"]
[PlyCount "55"]
[EventDate "2006.08.04"]
[EventType "swiss"]
[EventRounds "9"]
[EventCountry "GEO"]
[SourceTitle "EXT 2011"]
[Source "ChessBase"]
[SourceDate "2010.11.26"]
[SourceVersion "1"]
[SourceVersionDate "2010.11.26"]
[SourceQuality "1"]

1. e4 c5 2. Nf3 d6 3. c3 Nf6 4. h3 Nc6 5. Bd3 g6 6. Bc2 Bg7 7. d3 0-0 8. 0-0 h6 9. Re1 Qc7 10. Nbd2 e5 11. Nf1 d5 12. Qe2 Re8 13. Ng3 Be6 14. Bd2 Rad8 15. a3 a6 16. Rad1 b5 17. Nh2 Qc8 18. h4 dxe4 19. dxe4 Na5 20. h5 Nc4 21. Bc1 Qc7 22. hxg6 fxg6 23. Kf1 Nd6 24. Qf3 Kh7 25. Ne2 Rf8 26. Qe3 Nh5 27. Ng3 c4 28. Nf3 0-1

[Event "Sukhumi op"]
[Site "Sukhumi"]
[Date "2006.08.09"]
[Round "6"]
[White "Baharev, Vladimir"]
[Black "Idrisov, Rustem"]
[Result "1-0"]
[WhiteElo "2272"]
[BlackElo "2102"]
[PlyCount "44"]
[EventDate "2006.08.04"]
[EventType "swiss"]
[EventRounds "9"]
[EventCountry "GEO"]
[SourceTitle "EXT 2011"]
[Source "ChessBase"]
[SourceDate "2010.11.26"]
[SourceVersion "1"]
[SourceVersionDate "2010.11.26"]
[SourceQuality "1"]

1. e4 c5 2. Nf3 Nc6 3. d3 g6 4. g3 Bg7 5. Bg2 e6 6. 0-0 Nge7 7. Re1 0-0 8. c3 d5 9. e5 d4 10. c4 Rb8 11. Bf4 b5 12. b3 bxc4 13. bxc4 Bd7 14. Nbd2 Qa5 15. Ne4 Kh8 16. Nf6 Rb7 17. Ng5 Bxf6 18. exf6 Ng8 19. Bd6 Rbb8 20. Bxc6 Bxc6 21. Bxb8 Nh6 22. Bf4 Nf5 1-0

[Event "Sukhumi op"]
[Site "Sukhumi"]
[Date "2006.08.07"]
[Round "4"]
[White "Baharev, Vladimir"]
[Black "Sokolov, Yury"]
[Result "1-0"]
[WhiteElo "2272"]
[BlackElo "2018"]
[PlyCount "41"]
[EventDate "2006.08.04"]
[EventType "swiss"]
[EventRounds "9"]
[EventCountry "GEO"]
[SourceTitle "EXT 2011"]
[Source "ChessBase"]
[SourceDate "2010.11.26"]
[SourceVersion "1"]
[SourceVersionDate "2010.11.26"]
[SourceQuality "1"]

1. e4 Nf6 2. e5 Nd5 3. d4 e6 4. Bc4 Nb6 5. Bb3 c5 6. c3 Nc6 7. Nf3 Be7 8. 0-0 0-0 9. Qe2 cxd4 10. cxd4 d6 11. Rd1 a5 12. a3 a4 13. Ba2 Qc7 14. Nc3 d5 15. Qd3 g6 16. Bh6 Re8 17. Ng5 Qd8 18. Qg3 Bd7 19. Rd3 Nc4 20. Nxf7 Qb6 21. Rf3 1-0

[Event "Nezhmetdinov Memorial 28th"]
[Site "Kazan"]
[Date "2006.06.08"]
[Round "8"]
[White "Tkachuk, Andrey"]
[Black "Baharev, Vladimir"]
[Result "0-1"]
[WhiteElo "2160"]
[BlackElo "2265"]
[PlyCount "50"]
[EventDate "2006.06.01"]
[EventType "swiss"]
[EventRounds "9"]
[EventCountry "RUS"]
[SourceTitle "CBM 112 Extra"]
[Source "ChessBase"]
[SourceDate "2006.07.14"]
[SourceVersion "1"]
[SourceVersionDate "2006.07.14"]
[SourceQuality "1"]

1. e4 c5 2. Nf3 d6 3. d4 cxd4 4. Nxd4 Nf6 5. Nc3 Nc6 6. Bc4 e6 7. Be3 Be7 8. Qe2 0-0 9. 0-0-0 d5 10. exd5 exd5 11. Bd3 Re8 12. Qd2 Ng4 13. Nxc6 bxc6 14. Bf4 Qa5 15. f3 d4 16. Nb1 Bb4 17. c3 dxc3 18. Nxc3 Bxc3 19. bxc3 Qa3+ 20. Kb1 Be6 21. Bd6 c5 22. Bb5 Ne3 23. Bxe8 Bf5+ 24. Ka1 Nc2+ 25. Kb1 Nd4+ 0-1